| 000 | 00352nam a2200133Ia 4500 | ||
|---|---|---|---|
| 008 | 230917s9999||||xx |||||||||||||| ||und|| | ||
| 040 |
_e90769 _aMAIN |
||
| 041 | _aEnglish | ||
| 082 | _a910.163 C361L | ||
| 100 | _aChandela, Ram Niwas | ||
| 245 | 0 | _aLand use of Bukhrija distt Mohindergarh (Haryana) 1970-71 to 1980-81 | |
| 300 | _a33 p. | ||
| 942 | _cTH | ||
| 999 |
_c48519 _d48519 |
||